000 00508nam a2200193Ia 4500
005 20250508150447.0
008 008 250505s9999 xx 000 0 eng d
037 _aTextual
040 _aFEDL
_beng
_cFEDL
041 _aeng
_2eng
084 _a741.43, WHE
_qFEDL
100 _aWherrett J Ramsey
_9756742
245 0 _aComposition
260 _aLondon, UK
_bThe Studio
_c1946
300 _a63p
490 _aHow to draw series
942 _cTEXL
_h741.43, WHE
999 _c1323762
_d1323762